Largest Cities in Latin America in 1800 - Statistics

General Stats
  • This quiz has been taken 153 times
  • The average score is 8 of 12
Answer Stats
Hint Answer % Correct
38k Buenos Aires
98%
53k Rio de Janeiro
98%
53k Lima
91%
135k Mexico City
91%
30k Santiago
88%
31k Caracas
79%
51k Havana
73%
31k Guadalajara
70%
100k Salvador
54%
30k Recife
51%
65k Puebla
32%
38k Guanajuato
7%
No matching quizzes found
Score Distribution
Percent of People with Each Score
Percentile by Number Answered
Your Score History
You have not taken this quiz